Az Alföld tájváltozásai és a klímaváltozás

Elmentve itt :
Bibliográfiai részletek
Szerző: Rakonczai János
Dokumentumtípus: Könyv része
Megjelent: 2011
Sorozat:A Nagyalföld Alapítvány Kötetei
A környezeti változások és az Alföld
Kulcsszavak:Tájföldrajz - Alföld, Éghajlati változás - Alföld, Természetvédelem - Alföld, Tájökológia - Alföld
Tárgyszavak:
Online Access:http://acta.bibl.u-szeged.hu/62758
LEADER 00880naa a2200217 i 4500
001 acta62758
005 20260224081030.0
008 200106s2011 hu o 000 hun d
020 |a 978-963 85437 8 3 
040 |a SZTE Egyetemi Kiadványok Repozitórium  |b hun 
041 |a hun 
100 1 |a Rakonczai János 
245 1 3 |a Az Alföld tájváltozásai és a klímaváltozás  |h [elektronikus dokumentum] /  |c  Rakonczai János 
260 |c 2011 
300 |a 137-148 
490 0 |a A Nagyalföld Alapítvány Kötetei 
490 0 |a A környezeti változások és az Alföld 
650 4 |a Természettudományok 
650 4 |a Föld- és kapcsolódó környezettudományok 
695 |a Tájföldrajz - Alföld, Éghajlati változás - Alföld, Természetvédelem - Alföld, Tájökológia - Alföld 
856 4 0 |u http://acta.bibl.u-szeged.hu/62758/1/nagyalfoldi_007_137-148.pdf  |z Dokumentum-elérés